El libro infantil: cuatro propuestas críticas
Guardat en:
| Autor principal: | |
|---|---|
| Format: | Llibre |
| Idioma: | espanyol |
| Publicat: |
Buenos Aires
El Ateneo
1986
|
| Col·lecció: | Biblioteca nuevas orientaciones de la educación
|
| Matèries: | |
| Etiquetes: |
Afegir etiqueta
Sense etiquetes, Sigues el primer a etiquetar aquest registre!
|
MARC
| LEADER | 00000nam a2200000 a 4500 | ||
|---|---|---|---|
| 001 | UCY1782 | ||
| 003 | CL-VaPUC | ||
| 008 | 940915e19860000AG |||||||||||||||||spa|d | ||
| 082 | 0 | 4 | |a 808.068 |b PER |2 21 |
| 100 | 0 | |a Perriconi, Graciela |e author |9 329790 | |
| 245 | 1 | 3 | |a El libro infantil: cuatro propuestas críticas |
| 300 | |a 125 p | ||
| 942 | |c BK | ||
| 945 | |d 19940915 00:00:00 |a rbrito | ||
| 260 | |a Buenos Aires |b El Ateneo |c 1986 | ||
| 650 | 0 | |a Literatura infantil |9 307465 | |
| 650 | 0 | |a Historia y crítica |9 257407 | |
| 583 | |a last modification |c 19940915 00:00:00 |k Rodrigo Vera | ||
| 490 | 0 | |a Biblioteca nuevas orientaciones de la educación | |
| 999 | |c 230376 |d 230374 | ||
| 952 | |0 0 |1 0 |4 0 |6 808_068000000000000_PER_1986 |7 0 |8 P |9 232586 |a BIBEDU |b BIBEDU |c BIBEDU_PB |d 2019-11-15 |i 1561464 |o 808.068 PER 1986 |p 1561464 |r 2024-01-25 |w 2019-11-15 |y BK |k EDU | ||